[Event "IECG QN.2000.0.00145"]
[Site "IECG email"]
[Date "2000.10.13"]
[Round "?"]
[White "Venturas, Bob"]
[Black "Antonov, Spartak"]
[Result "1-0"]
[WhiteElo "561"]
[BlackElo "806"]
[PlyCount "115"]
[EventDate "2000.10.13"]
[EventType "tourn (corr)"]
[EventRounds "6"]
[SourceTitle "Corr 2008"]
[Source "ChessBase"]
[SourceDate "2008.06.24"]
[SourceVersion "1"]
[SourceVersionDate "2008.06.24"]
[SourceQuality "1"]

1. e4 e5 2. Nf3 d5 3. exd5 Qxd5 4. Nc3 Qa5 5. d4 f6 6. dxe5 fxe5 7. h3 Nh6 8. Bxh6 gxh6 9. a3 e4 10. Qd4 Rg8 11. Qxe4+ Be6 12. 0-0-0 Nc6 13. Bb5 Rg6 14. Rhe1 Rd8 15. Bxc6+ bxc6 16. Qxc6+ Ke7 17. Rxd8 Kxd8 18. Rd1+ Bd6 19. Nb5 Bd7 20. Qa8+ Bc8 21. Nxa7 Qa6 22. Nc6+ Ke8 23. Na7 Kd8 24. Ne5 Qb7 25. Nac6+ Ke8 26. Qa4 Qa6 27. Qf4 Be6 28. Qd4 Rg5 29. Qf4 Qxc6 30. Nxc6 Bxf4+ 31. Kb1 Bd5 32. Re1+ Kf8 33. g3 Bd6 34. Nd4 Rh5 35. h4 Re5 36. Rxe5 Bxe5 37. Nf5 Bg7 38. b3 Be4 39. Ne3 Bc3 40. Ng4 h5 41. Ne3 Be1 42. Nd1 Bf3 43. Kc1 Bxd1 44. Kxd1 Bxf2 45. a4 Bxg3 46. a5 Bf2 47. a6 Kf7 48. Ke2 Ba7 49. c4 Kf6 50. Kf3 Kf5 51. b4 Ke5 52. c5 Kf5 53. Kg3 Ke5 54. c6 h6 55. Kf3 Kf5 56. b5 Bc5 57. Kg3 Ke4 58. Kh3 1-0

[Event "IECG CP.2000.P.00109"]
[Site "IECG email"]
[Date "2000.10.01"]
[Round "?"]
[White "Onder, Evren"]
[Black "Antonov, Spartak"]
[Result "1-0"]
[WhiteElo "1528"]
[BlackElo "806"]
[PlyCount "33"]
[EventDate "2000.10.01"]
[EventType "tourn (corr)"]
[EventRounds "6"]
[EventCountry "TUR"]
[SourceTitle "Corr 2008"]
[Source "ChessBase"]
[SourceDate "2008.06.24"]
[SourceVersion "1"]
[SourceVersionDate "2008.06.24"]
[SourceQuality "1"]

1. e4 e5 2. Nf3 d5 3. exd5 e4 4. Qe2 Nf6 5. Nc3 Bf5 6. Nd4 Nxd5 7. Qb5+ Bd7 8. Qxd5 Bc6 9. Nxc6 Nxc6 10. Qxe4+ Be7 11. Ba6 Qd4 12. Bxb7 Qxe4+ 13. Nxe4 Nd4 14. Bxa8 Nxc2+ 15. Kd1 Nxa1 16. Bc6+ Kf8 17. Re1 1-0

[Event "IECG QN.2000.0.00132"]
[Site "IECG email"]
[Date "2000.08.05"]
[Round "?"]
[White "Hanik, Armin"]
[Black "Antonov, Spartak"]
[Result "1-0"]
[WhiteElo "800"]
[BlackElo "823"]
[PlyCount "41"]
[EventDate "2000.08.05"]
[EventType "tourn (corr)"]
[EventRounds "6"]
[SourceTitle "Corr 2008"]
[Source "ChessBase"]
[SourceDate "2008.06.24"]
[SourceVersion "1"]
[SourceVersionDate "2008.06.24"]
[SourceQuality "1"]

1. e4 e5 2. Nf3 d5 3. Nxe5 dxe4 4. Bc4 Nh6 5. Qh5 g6 6. Nxg6 Qd4 7. Nxh8 Qxc4 8. d3 exd3 9. Bxh6 Qe4+ 10. Be3 Be6 11. 0-0 Bd5 12. Qh3 Na6 13. Nc3 Qe6 14. Nxd5 Qxd5 15. Qxh7 dxc2 16. Bg5 Nc5 17. Rfe1+ Kd7 18. Nxf7 Re8 19. Nd8+ Kc8 20. Rxe8 Qd1+ 21. Re1 1-0

[Event "IECG QN.2000.0.00107"]
[Site "IECG email"]
[Date "2000.03.31"]
[Round "?"]
[White "Antonov, Spartak"]
[Black "Arnaud, Mike"]
[Result "0-1"]
[WhiteElo "800"]
[BlackElo "998"]
[PlyCount "64"]
[EventDate "2000.03.31"]
[EventType "tourn (corr)"]
[EventRounds "6"]
[SourceTitle "Corr 2008"]
[Source "ChessBase"]
[SourceDate "2008.06.24"]
[SourceVersion "1"]
[SourceVersionDate "2008.06.24"]
[SourceQuality "1"]

1. e4 e5 2. Nf3 Nc6 3. d4 exd4 4. Nxd4 Nxd4 5. Qxd4 d6 6. b4 Qe7 7. Bf4 Nf6 8. e5 Ng4 9. Bg3 Nxe5 10. Bxe5 dxe5 11. Qe3 Qxb4+ 12. Nd2 Qd4 13. Qxd4 exd4 14. Rb1 Bd6 15. Nf3 c5 16. Bb5+ Kd8 17. Ng5 Be6 18. 0-0 Bxa2 19. Rb2 Bd5 20. Ba4 Kc7 21. Bb3 c4 22. Ba4 a6 23. c3 dxc3 24. Re2 b5 25. Bc2 g6 26. Be4 Rae8 27. Re3 Bf4 28. Rxc3 Bxe4 29. f3 Bd3 30. Ne4 Bxf1 31. Kxf1 Rxe4 32. fxe4 Be5 0-1

[Event "IECG QN.2000.0.00107"]
[Site "IECG email"]
[Date "2000.03.31"]
[Round "?"]
[White "Antonov, Spartak"]
[Black "Egan, Michael"]
[Result "0-1"]
[WhiteElo "800"]
[BlackElo "800"]
[PlyCount "22"]
[EventDate "2000.03.31"]
[EventType "tourn (corr)"]
[EventRounds "6"]
[SourceTitle "Corr 2008"]
[Source "ChessBase"]
[SourceDate "2008.06.24"]
[SourceVersion "1"]
[SourceVersionDate "2008.06.24"]
[SourceQuality "1"]

1. e4 e5 2. Qh5 Nf6 3. Qxe5+ Qe7 4. Qxc7 Nc6 5. d3 Ng4 6. h3 Nge5 7. Bf4 Qb4+ 8. Nc3 Bd6 9. a3 Qxb2 10. Nd5 Qxa1+ 11. Kd2 Bxc7 0-1

[Event "IECG QN.2000.0.00107"]
[Site "IECG email"]
[Date "2000.03.31"]
[Round "?"]
[White "Antonov, Spartak"]
[Black "Van Eck, Jaco"]
[Result "1-0"]
[WhiteElo "800"]
[BlackElo "800"]
[PlyCount "53"]
[EventDate "2000.03.31"]
[EventType "tourn (corr)"]
[EventRounds "6"]
[SourceTitle "Corr 2008"]
[Source "ChessBase"]
[SourceDate "2008.06.24"]
[SourceVersion "1"]
[SourceVersionDate "2008.06.24"]
[SourceQuality "1"]

1. d4 d5 2. b3 Nf6 3. e3 Bg4 4. f3 Qd6 5. fxg4 e5 6. g5 Ne4 7. Nh3 Be7 8. Ba3 Qa6 9. Bxa6 bxa6 10. 0-0 0-0 11. dxe5 Bxa3 12. Qxd5 c6 13. Qxe4 Bb2 14. e6 Bxa1 15. exf7+ Kh8 16. Qe8 Nd7 17. Qxd7 g6 18. Qxc6 Bg7 19. Nf4 Rac8 20. Qxa6 Rc7 21. Ne6 Rcxf7 22. Nxf8 Rxf1+ 23. Qxf1 Kg8 24. Nxh7 Kxh7 25. Qf7 Kh8 26. Nd2 a5 27. Ne4 1-0

[Event "IECG QN.2000.0.00107"]
[Site "IECG email"]
[Date "2000.03.31"]
[Round "?"]
[White "Arnaud, Mike"]
[Black "Antonov, Spartak"]
[Result "1-0"]
[WhiteElo "998"]
[BlackElo "800"]
[PlyCount "29"]
[EventDate "2000.03.31"]
[EventType "tourn (corr)"]
[EventRounds "6"]
[SourceTitle "Corr 2008"]
[Source "ChessBase"]
[SourceDate "2008.06.24"]
[SourceVersion "1"]
[SourceVersionDate "2008.06.24"]
[SourceQuality "1"]

1. e4 Nc6 2. d4 d5 3. exd5 Qxd5 4. Nf3 Bg4 5. Be2 0-0-0 6. Nc3 Bxf3 7. Nxd5 Bxe2 8. Nxe7+ Bxe7 9. Qxe2 Nxd4 10. Qg4+ f5 11. Qxg7 Bf6 12. Qf7 Nxc2+ 13. Ke2 Nxa1 14. Bf4 Bxb2 15. Qxc7# 1-0

[Event "IECG QN.2000.0.00100"]
[Site "IECG email"]
[Date "2000.02.27"]
[Round "?"]
[White "Van Eck, Jaco"]
[Black "Antonov, Spartak"]
[Result "0-1"]
[WhiteElo "800"]
[BlackElo "800"]
[PlyCount "42"]
[EventDate "2000.02.27"]
[EventType "tourn (corr)"]
[EventRounds "6"]
[SourceTitle "Corr 2008"]
[Source "ChessBase"]
[SourceDate "2008.06.24"]
[SourceVersion "1"]
[SourceVersionDate "2008.06.24"]
[SourceQuality "1"]

1. e4 c5 2. Nc3 e5 3. Nf3 Nc6 4. Bc4 d6 5. d3 f5 6. 0-0 Nd4 7. Nd5 Nf6 8. Re1 fxe4 9. Nxd4 cxd4 10. Bb5+ Bd7 11. Bxd7+ Kxd7 12. dxe4 g6 13. c3 Nxd5 14. exd5 h5 15. Qd3 Qa5 16. Qxg6 Be7 17. Bg5 Qxd5 18. Bxe7 Rag8 19. Qf5+ Kxe7 20. Re4 dxc3 21. Rb4 Qxg2# 0-1